Statystyki dla Rzeki ktore ustawiaja Granice #2 Europa

Kliknij tutaj aby rozwiązać quiz!

Ogólne statystyki

  • Ten quiz został rozwiązany 229 razy
  • Średni wynik to 9 z 10

Statystyki odpowiedzi

RzekaKraje% Poprawnych
RenNiemcy
100%
Niemcy
100%
OdraPolska
98%
DunajWegry
98%
DunajRumunia
96%
Francja
95%
DunajRumunia
95%
Slowacja
95%
DunajSerbia
88%
Serbia
88%
Ukraina
84%
Chorwacja
81%

Rozkład punktacji

Percentyl według liczby udzielonych odpowiedzi

Procent ludzi z każdym wynikiem

Twoja historia wyników

Nie rozwiązałeś tego quizu